[Event "Foment Martinenc op-A 21st"]
[Site "Barcelona"]
[Date "2019.06.22"]
[Round "9"]
[White "Cunillera Amigo, Jose Luis"]
[Black "Vehi Bach, Victor Manuel"]
[Result "0-1"]
[WhiteElo "2061"]
[BlackElo "2306"]
[PlyCount "86"]
[EventDate "2019.04.27"]
[EventType "swiss"]
[EventRounds "9"]
[EventCountry "ESP"]
[SourceTitle "EXT 2020"]
[Source "ChessBase"]
[SourceDate "2019.10.17"]
[SourceVersion "1"]
[SourceVersionDate "2019.10.17"]
[SourceQuality "1"]

1. e4 c5 2. Nf3 e6 3. d3 Nc6 4. g3 d5 5. Nbd2 Nf6 6. Bg2 Be7 7. 0-0 0-0 8. e5 Nd7 9. Re1 b5 10. Qe2 b4 11. c4 bxc3 12. bxc3 Rb8 13. c4 Nb6 14. Ba3 Nb4 15. Bxb4 cxb4 16. Qe3 dxc4 17. dxc4 Qc7 18. Rac1 Bc5 19. Qf4 Bb7 20. Ne4 Bxe4 21. Qxe4 h6 22. h4 Na4 23. Rc2 Nc3 24. Qd3 Rfd8 25. Qf1 a5 26. Nd2 Bd4 27. Nf3 Rbc8 28. Rd2 Bb6 29. Kh2 Rxd2 30. Nxd2 Nxa2 31. f4 g6 32. h5 Nc3 33. hxg6 fxg6 34. Be4 Rd8 35. Nf3 Kg7 36. Bd3 Qd7 37. Bc2 a4 38. Rc1 Be3 39. Re1 Bd2 40. Re2 Nxe2 41. Qxe2 b3 42. Bb1 a3 43. Qe4 Qf7 0-1